01100nam a2200241 a 450000100100000000500170001000800410002704000250006808200260009310000310011924500560015026000350020630000210024150000630026259000280032565000270035365000310038091000370041195201390044895201240058795201300071199900170084100001295520240530073916.0091118s1998 dr 000 f spa d aDO-SdBNPbspacBNPHU aRD863.44bR696m, 19981 aRodríguez, Marcos92985813aEl Mártir de los martirios /cMarcos Rodríguez. aSanto Domingo :bAlpha,c1998. a120 p. ;c21 cm. aIncluye datos biográficos del autor en la contracubierta aInventariado, 2020 / DG 0aNovela dominicana9223 0aLiteratura dominicana.967 aValidado. Control de calidad MFF 001054708DSaGRbGRcHDd2013-10-30iLF1l0oRD863.44 R696m, 1998p12955-30r2020-06-25te. 3w2020-06-25yLFDSZPréstamo en sala 0010718PDaPDbPDcHDd2009-11-18iLF1l0oRD863.44 R696m, 1998p12955-10r2020-06-25w2020-06-25yLFPDZNo se presta 0010718PDaPDbPDcHDd2009-11-18iLF1l0oRD863.44 R696m, 1998p12955-20r2020-06-25te. 2w2020-06-25yLFPDZNo se presta c12603d12603